Recopilación de las Indias
Gespeichert in:
| 1. Verfasser: | |
|---|---|
| Format: | Buch |
| Sprache: | Spanisch |
| Veröffentlicht: |
Ciudad de México
Miguel Angel Porrúa
1992
|
| Schlagworte: | |
| Tags: |
Tag hinzufügen
Keine Tags, Fügen Sie den ersten Tag hinzu!
|
MARC
| LEADER | 00000nam a2200000 a 4500 | ||
|---|---|---|---|
| 001 | UCV3551 | ||
| 003 | CL-VaPUC | ||
| 008 | 930827e19920000MX |||||||||||||||||spa|d | ||
| 082 | 0 | 4 | |a 340.098 |b LEO |2 21 |
| 100 | |a León Pinelo, Antonio de |e author |9 517181 | ||
| 245 | 1 | 0 | |a Recopilación de las Indias |
| 300 | |a 3 v | ||
| 942 | |c BK | ||
| 945 | |d 19930827 00:00:00 | ||
| 260 | |a Ciudad de México |b Miguel Angel Porrúa |c 1992 | ||
| 650 | 7 | |a DERECHO |2 CL-VaPUC |9 297790 | |
| 650 | 0 | |a Historia y crítica |9 257407 | |
| 650 | 0 | |a Derecho Indiano |9 256266 | |
| 650 | 0 | |a Historia |9 255047 | |
| 650 | 7 | |a FUENTES |2 CL-VaPUC |9 255666 | |
| 650 | 7 | |a LEGISLACION |2 CL-VaPUC |9 297791 | |
| 583 | |a last modification |c 19930827 00:00:00 |k Rodrigo Vera | ||
| 999 | |c 210715 |d 210713 | ||
| 952 | |0 0 |1 0 |4 0 |6 340_098000000000000_LEO_1992 |7 0 |8 DER_HDC |9 187166 |a BIBDER |b BIBDER |d 2019-11-14 |h v.1 |i 2548631 |o 340.098 LEO 1992 |p 2548631 |r 2023-01-25 |w 2019-11-14 |x Ubicación 4to Piso |y BK |z Estos recursos deben solicitarse con anticipación |k DER | ||
| 952 | |0 0 |1 0 |4 0 |6 340_098000000000000_LEO_1992 |7 0 |8 DER_HDC |9 187167 |a BIBDER |b BIBDER |d 2019-11-14 |h v.2 |i 254864K |o 340.098 LEO 1992 |p 254864K |r 2023-01-25 |w 2019-11-14 |x Ubicación 4to Piso |y BK |z Estos recursos deben solicitarse con anticipación |k DER | ||
| 952 | |0 0 |1 0 |4 0 |6 340_098000000000000_LEO_1992 |7 0 |8 DER_HDC |9 187168 |a BIBDER |b BIBDER |d 2019-11-14 |h v.3 |i 2548658 |o 340.098 LEO 1992 |p 2548658 |r 2023-01-25 |w 2019-11-14 |x Ubicación 4to Piso |y BK |z Estos recursos deben solicitarse con anticipación |k DER | ||